Vista normal Vista MARC

Entrada Corporate Name

Número de registros utilizados en: 15

001 - CONTROL NUMBER

  • control field: 64456

003 - CONTROL NUMBER IDENTIFIER

  • control field: OSt

005 - DATE AND TIME OF LATEST TRANSACTION

  • control field: 20250829213140.0

008 - FIXED-LENGTH DATA ELEMENTS

  • fixed length control field: 250829|| aca||aabn | a|a d

040 ## - CATALOGING SOURCE

  • Original cataloging agency: OSt
  • Transcribing agency: OSt

110 ## - HEADING--CORPORATE NAME

  • Corporate name or jurisdiction name as entry element: Casa Editorial El Tiempo

670 ## - SOURCE DATA FOUND

  • Source citation: Work cat.: (OSt)58940: Casa Editorial El Tiempo, Con francisco a mi lado. 01 La Alegría/









Instituto Departamental de Cultura del Meta - Red Departamental de Bibliotecas Públicas del Meta.